书目信息 |
| 题名: |
单同伦理论教程(英)
|
|
| 作者: | M.M.Cohen 著 | |
| 分册: | ||
| 出版信息: | 北京 世界图书出版公司 1970 |
|
| 页数: | 114页 | |
| 开本: | 20cm | |
| 丛书名: | ||
| 单 册: | ||
| 中图分类: | O189.23 | |
| 科图分类: | ||
| 主题词: | 几何 , 拓扑 | |
| 电子资源: | ||
| ISBN: | 7-5062-0040-6 | |
| 000 | 00537nam0 2200193 450 | |
| 001 | 0732828906 | |
| 005 | 20070903090708.90 | |
| 010 | @a7-5062-0040-6@d¥4.60 | |
| 100 | @a20070903d km y0chiy0120 ea | |
| 101 | 0 | @achi |
| 200 | 1 | @a单同伦理论教程(英)@Adan tong lun li lun jiao cheng(ying)@fM.M.Cohen著@FM.M.Cohen zhu |
| 210 | @a北京@c世界图书出版公司@d1970 | |
| 215 | @a114页@d20cm | |
| 606 | 0 | @a几何 |
| 606 | 0 | @a拓扑 |
| 690 | @aO189.23@v3 | |
| 701 | 0 | @aM.M.Cohen@4著 |
| 801 | 0 | @aCN@bPFT@c20070903 |
| 905 | @a213230@dO189.23@eS20@f1 | |
| 单同伦理论教程(英)/M.M.Cohen著.-北京:世界图书出版公司,1970 |
| 114页;20cm |
| ISBN 7-5062-0040-6:¥4.60 |
| ● |
| 相关链接 |
|
|
|
|
正题名:单同伦理论教程(英)
索取号:O189.23/S20
 
预约/预借
| 序号 | 登录号 | 条形码 | 馆藏地/架位号 | 状态 | 备注 |
| 1 | 6704326 | 267043264 | 密集书库-数信学院/ [索取号:O189.23/S20] | 在馆 |